| 000 | 01010nas a2200325 4500 | ||
|---|---|---|---|
| 001 | BR2016001317 | ||
| 003 | BR-BrBNA | ||
| 005 | 20231205130240.0 | ||
| 007 | ta | ||
| 008 | 230509b bl.|||p| |||| 00| 00por d | ||
| 040 |
_aBR-BrBNA _bpor _cBiblioteca Nacional de Agricultura |
||
| 041 | _a(En) | ||
| 072 | _aL60; L20 | ||
| 100 | 1 | _aOliveira, S.V. de | |
| 100 | 1 | _aCorrêa, L.L.C. | |
| 100 | 1 | _aPeters, F.B. | |
| 100 | 1 | _aMazim, F.D. | |
| 100 | 1 | _aGarcias, F.M. | |
| 100 | 1 | _aSantos, J.P. dos | |
| 100 | 1 | _aKasper, C.B. | |
| 245 | 1 | _aOccurence of Cabassous tatouay (Cingulata, dasypodidae)in Rio Grande do sul and its potential distribution in southern Brazil | |
| 650 | _aTATU | ||
| 650 | _aDISTRIBUIÇÃO GEOGRÁFICA | ||
| 650 | _aECOLOGIA ANIMAL | ||
| 650 | _aCAMPO | ||
| 650 | _aRIO GRANDE DO SUL | ||
| 773 | 0 |
_tIheringia. Série Zoologia (Brazil) _xISSN 0073-4721 _g(Jun 2015), v. 105(2) p. 235-241 _wBR2016001317 |
|
| 909 |
_a202311 _bLúcia _c55 _dLúcia Elande |
||
| 942 |
_2AGRIS _n0 _cANA |
||
| 999 |
_c248455 _d248455 |
||